[Event "ROM-chT (Women)"]
[Site "Calimanesti Caciulata"]
[Date "2016.11.21"]
[Round "1.4"]
[White "Vasile, Teodora"]
[Black "Sandu, Mihaela"]
[Result "0-1"]
[WhiteElo "1959"]
[BlackElo "2207"]
[PlyCount "74"]
[EventDate "2016.11.21"]
[EventType "team-tourn"]
[EventRounds "7"]
[EventCountry "ROU"]
[SourceTitle "EXT 2018"]
[Source "ChessBase"]
[SourceDate "2017.10.13"]
[SourceVersion "1"]
[SourceVersionDate "2017.10.13"]
[SourceQuality "1"]
[WhiteTeam "Smart Galati (W)"]
[BlackTeam "Timisoara Medicina (W)"]
[WhiteTeamCountry "ROU"]
[BlackTeamCountry "ROU"]

1. e4 c5 2. Nf3 e6 3. d4 cxd4 4. Nxd4 a6 5. c4 Nf6 6. Nc3 Qc7 7. Be3 Bb4 8. Bd3 0-0 9. 0-0 Nc6 10. Qb3 Ng4 11. g3 Nxe3 12. fxe3 Bc5 13. Nce2 Ne5 14. Qc3 b6 15. a3 Bb7 16. b4 Be7 17. Nf3 Nxf3+ 18. Rxf3 f5 19. Nd4 fxe4 20. Rxf8+ Rxf8 21. Bf1 Bg5 22. Bg2 Qe5 23. Re1 Rc8 24. Qb3 h5 25. Ne2 h4 26. Nf4 hxg3 27. hxg3 Bf6 28. Rd1 Rc7 29. Kh2 g5 30. Ne2 d5 31. c5 bxc5 32. bxc5 Rh7+ 33. Kg1 Bc6 34. Rb1 Rb7 35. Qc2 Rxb1+ 36. Qxb1 Qb2 37. Qf1 Bb5 0-1

[Event "ROM-chT2"]
[Site "Calimanesti"]
[Date "2014.11.13"]
[Round "6.6"]
[White "Vasile, Teodora"]
[Black "Padurean, Daniel Cristian"]
[Result "1-0"]
[WhiteElo "1950"]
[BlackElo "1753"]
[PlyCount "74"]
[EventDate "2014.11.08"]
[EventType "team-tourn"]
[EventRounds "9"]
[EventCountry "ROU"]
[SourceTitle "CBM 163 Extra"]
[Source "ChessBase"]
[SourceDate "2014.12.23"]
[SourceVersion "1"]
[SourceVersionDate "2014.12.23"]
[SourceQuality "1"]
[WhiteTeam "Otopeni"]
[BlackTeam "Resita Muncitorul"]
[WhiteTeamCountry "ROU"]
[BlackTeamCountry "ROU"]

1. e4 e5 2. Nf3 Nc6 3. Bb5 a6 4. Ba4 d6 5. 0-0 Bg4 6. c3 Qf6 7. d3 b5 8. Bc2 Bxf3 9. Qxf3 Qxf3 10. gxf3 Nf6 11. a4 b4 12. a5 Na7 13. Ba4+ Kd8 14. f4 c5 15. Be3 Rb8 16. Nd2 Ng4 17. Nc4 f6 18. Bd2 exf4 19. cxb4 Ne5 20. Bxf4 Nxd3 21. Bxd6 Rxb4 22. Bxf8 Rxc4 23. Rfd1 Rxf8 24. Rxd3+ Kc8 25. Rd6 Kb7 26. Rb6+ Kc7 27. Rxa6 Nc8 28. Rc6+ Kb8 29. Ra3 Rxe4 30. Rxc5 Rb4 31. Rb5+ Rxb5 32. Bxb5 Nd6 33. Bd3 g6 34. b4 Nb7 35. a6 Nd6 36. a7+ Ka8 37. Be2 f5 1-0

[Event "ROM-ch (Women)"]
[Site "Targu Mures"]
[Date "2014.05.04"]
[Round "9"]
[White "Mathe, Katalin"]
[Black "Vasile, Teodora"]
[Result "0-1"]
[WhiteElo "1979"]
[BlackElo "1965"]
[PlyCount "78"]
[EventDate "2014.04.26"]
[EventType "swiss"]
[EventRounds "9"]
[EventCountry "ROU"]
[SourceTitle "CBM 160 Extra"]
[Source "ChessBase"]
[SourceDate "2014.07.01"]
[SourceVersion "1"]
[SourceVersionDate "2014.07.01"]
[SourceQuality "1"]

1. d4 d6 2. c4 Nf6 3. Nc3 Nbd7 4. e4 e5 5. Nf3 Be7 6. Be2 0-0 7. 0-0 c6 8. h3 Qc7 9. Be3 Re8 10. Qc2 Nf8 11. a3 g6 12. Rac1 Nh5 13. Rfd1 Ne6 14. b4 Nef4 15. Bf1 f5 16. c5 fxe4 17. cxd6 Bxd6 18. Nxe4 Bf5 19. Qa2+ Nd5 20. Nxd6 Qxd6 21. dxe5 Qe6 22. Nd4 Qf7 23. g4 Be4 24. e6 Qg7 25. gxh5 gxh5+ 26. Kh2 Qe5+ 27. f4 Nxf4 28. Nf3 Bxf3 29. Bd4 Qc7 30. e7+ Nd5+ 31. Kg1 Qg3+ 32. Bg2 Rxe7 33. Rd3 Qxg2+ 34. Qxg2+ Bxg2 35. Rg3+ Kf7 36. Kxg2 Nf4+ 37. Kf3 Ng6 38. Rc5 Rae8 39. Rxh5 Kg8 0-1

[Event "ROM-ch (Women)"]
[Site "Targu Mures"]
[Date "2014.05.03"]
[Round "8"]
[White "Vasile, Teodora"]
[Black "Nastase, Andreea Cristina"]
[Result "1-0"]
[WhiteElo "1965"]
[BlackElo "1672"]
[PlyCount "71"]
[EventDate "2014.04.26"]
[EventType "swiss"]
[EventRounds "9"]
[EventCountry "ROU"]
[SourceTitle "CBM 160 Extra"]
[Source "ChessBase"]
[SourceDate "2014.07.01"]
[SourceVersion "1"]
[SourceVersionDate "2014.07.01"]
[SourceQuality "1"]

1. e4 c5 2. Nf3 d6 3. d4 cxd4 4. Nxd4 Nf6 5. f3 a6 6. c4 Qc7 7. Nc3 g6 8. Be2 Bg7 9. Be3 Nc6 10. Qd2 0-0 11. 0-0 Ne5 12. b3 e6 13. Rac1 Qe7 14. Rfd1 Rd8 15. Bg5 Qf8 16. f4 Ned7 17. Nf3 Nc5 18. e5 Nfe4 19. Nxe4 Nxe4 20. Qe3 Nxg5 21. Nxg5 f6 22. Nf3 fxe5 23. fxe5 d5 24. Qd4 Rd7 25. Qb6 Qd8 26. Qxe6+ Kf8 27. Rxd5 Rxd5 28. Qxd5 Qe7 29. Rf1 Bf5 30. Qd6 Rd8 31. Qxe7+ Kxe7 32. h3 b6 33. g4 Be4 34. Ng5 Rd2 35. Rf7+ Ke8 36. Nxe4 1-0

[Event "ROM-ch (Women)"]
[Site "Targu Mures"]
[Date "2014.05.01"]
[Round "6"]
[White "Gelip, Ioana"]
[Black "Vasile, Teodora"]
[Result "1-0"]
[WhiteElo "2104"]
[BlackElo "1965"]
[PlyCount "120"]
[EventDate "2014.04.26"]
[EventType "swiss"]
[EventRounds "9"]
[EventCountry "ROU"]
[SourceTitle "CBM 160 Extra"]
[Source "ChessBase"]
[SourceDate "2014.07.01"]
[SourceVersion "1"]
[SourceVersionDate "2014.07.01"]
[SourceQuality "1"]

1. e4 d6 2. d4 Nf6 3. Nc3 Nbd7 4. Nf3 e5 5. Bc4 Be7 6. 0-0 c6 7. a4 a5 8. h3 0-0 9. Be3 Qc7 10. Bb3 h6 11. Nh4 exd4 12. Bxd4 Nc5 13. Bxc5 dxc5 14. Ng6 Rd8 15. Qf3 Be6 16. Bxe6 fxe6 17. e5 Nh7 18. Qg4 Kf7 19. Nf4 Qxe5 20. Rfe1 Qf5 21. Nxe6 Qxg4 22. Nxd8+ Rxd8 23. hxg4 Rd4 24. Ne4 Nf6 25. Nxf6 Bxf6 26. c3 Rxg4 27. Red1 Ke7 28. Rd3 Rc4 29. g3 h5 30. Kg2 h4 31. Kf3 hxg3 32. fxg3 g5 33. Re1+ Kf7 34. Ree3 Kg6 35. Rd6 g4+ 36. Kg2 Kf5 37. Re8 Bg7 38. Rde6 Bf6 39. Re1 Rxa4 40. Kg1 Kg6 41. Rf1 Kf7 42. Re5 Kg7 43. Ref5 Bd8 44. Rf7+ Kg6 45. Rxb7 Bg5 46. Re1 Ra2 47. Rb6 Bd2 48. Re6+ Kf5 49. Rexc6 Ke4 50. Rd6 Be3+ 51. Kg2 Ra1 52. Re6+ Kd3 53. Rbc6 Ke2 54. Re4 Rg1+ 55. Kh2 Rf1 56. Rxg4 Rb1 57. Rb6 c4 58. Rb5 a4 59. Rb4 Bc1 60. Rgxc4 Bxb2 1-0

[Event "ROM-ch (Women)"]
[Site "Targu Mures"]
[Date "2014.04.27"]
[Round "2"]
[White "Vasile, Teodora"]
[Black "Ciungan, Diana Alexandra"]
[Result "0-1"]
[WhiteElo "1965"]
[BlackElo "1772"]
[PlyCount "102"]
[EventDate "2014.04.26"]
[EventType "swiss"]
[EventRounds "9"]
[EventCountry "ROU"]
[SourceTitle "CBM 160 Extra"]
[Source "ChessBase"]
[SourceDate "2014.07.01"]
[SourceVersion "1"]
[SourceVersionDate "2014.07.01"]
[SourceQuality "1"]

1. e4 e5 2. Nf3 Nc6 3. Bc4 Nf6 4. Ng5 d5 5. exd5 Na5 6. Bb5+ Bd7 7. Qe2 Bd6 8. Bxd7+ Qxd7 9. c4 c6 10. d4 0-0 11. 0-0 exd4 12. Bd2 Qf5 13. Qf3 Qxf3 14. Nxf3 Nxc4 15. dxc6 bxc6 16. Nxd4 Nxb2 17. Bc3 Na4 18. Nf5 Nxc3 19. Nxd6 Ne2+ 20. Kh1 Rfd8 21. Nc4 Rd4 22. Nba3 Rad8 23. Ne5 Ne4 24. g3 R8d6 25. Kg2 f6 26. Nec4 Rd7 27. Ne3 Rd3 28. Nac4 Nd2 29. Nxd2 Rxd2 30. Rfd1 Rxd1 31. Rxd1 Rxd1 32. Nxd1 Kf7 33. Kf3 Nd4+ 34. Ke4 Ne6 35. Kd3 Ke7 36. Ne3 g6 37. f4 Kd6 38. Kc4 Nc7 39. Ng4 Nd5 40. Nf2 f5 41. Kd4 c5+ 42. Kc4 Ne3+ 43. Kb5 c4 44. Kb4 Kd5 45. Kc3 Kc5 46. h3 Nd5+ 47. Kd2 Kd4 48. h4 c3+ 49. Kc2 Nb4+ 50. Kb3 c2 51. Kb2 Ke3 0-1

[Event "ROM-ch (Women)"]
[Site "Targu Mures"]
[Date "2014.04.26"]
[Round "1"]
[White "Peptan, Corina Isabela"]
[Black "Vasile, Teodora"]
[Result "1-0"]
[WhiteElo "2438"]
[BlackElo "1965"]
[PlyCount "57"]
[EventDate "2014.04.26"]
[EventType "swiss"]
[EventRounds "9"]
[EventCountry "ROU"]
[SourceTitle "CBM 160 Extra"]
[Source "ChessBase"]
[SourceDate "2014.07.01"]
[SourceVersion "1"]
[SourceVersionDate "2014.07.01"]
[SourceQuality "1"]

1. e4 e5 2. Nf3 Nc6 3. Bb5 a6 4. Ba4 Nf6 5. 0-0 Be7 6. d3 b5 7. Bb3 d6 8. a4 Bb7 9. Nc3 b4 10. Ne2 0-0 11. a5 Nb8 12. Ng3 c5 13. Nf5 Nc6 14. Bg5 Bc8 15. Nxe7+ Qxe7 16. Bd5 Bd7 17. Nh4 Rab8 18. Bxc6 Bxc6 19. f4 h6 20. Nf5 Qe6 21. Bh4 Kh7 22. fxe5 Ne8 23. Be7 Rg8 24. Bxd6 Nxd6 25. exd6 Rgf8 26. Qd2 b3 27. Qc3 f6 28. Qxc5 Bb5 29. c4 1-0

[Event "Universiad (Women) 27th"]
[Site "Kazan"]
[Date "2013.07.14"]
[Round "8"]
[White "Mona, Khaled"]
[Black "Vasile, Teodora"]
[Result "1/2-1/2"]
[WhiteElo "2100"]
[BlackElo "1938"]
[PlyCount "146"]
[EventDate "2013.07.09"]
[EventType "swiss"]
[EventRounds "9"]
[EventCountry "RUS"]
[SourceTitle "EXT 2014"]
[Source "ChessBase"]
[SourceDate "2013.11.20"]
[SourceVersion "1"]
[SourceVersionDate "2013.11.20"]
[SourceQuality "1"]

1. d4 d5 2. Nf3 Nf6 3. e3 e6 4. Bd3 c5 5. c3 Nc6 6. Nbd2 Bd6 7. 0-0 0-0 8. Qe2 e5 9. dxc5 Bxc5 10. e4 d4 11. Nb3 b6 12. cxd4 Nxd4 13. Nbxd4 Bxd4 14. Nxd4 Qxd4 15. Be3 Qd8 16. f4 Ng4 17. h3 Nxe3 18. Qxe3 Qe7 19. Rac1 Rd8 20. Bc4 Be6 21. Bxe6 Qxe6 22. f5 Qd6 23. f6 Qd4 24. Qxd4 exd4 25. Rcd1 gxf6 26. Rxf6 Rac8 27. Rd2 d3 28. Kf2 Rc1 29. Rf3 Rc2 30. Ke3 Rxd2 31. Kxd2 Rd4 32. Re3 Kf8 33. e5 Rd5 34. e6 f6 35. e7+ Ke8 36. Rxd3 Rg5 37. g4 Kxe7 38. Ke3 h5 39. Kf4 hxg4 40. hxg4 Rb5 41. b3 Rb4+ 42. Kf3 Rb5 43. Rd4 Ke6 44. Kf4 Ra5 45. Re4+ Kf7 46. Re2 Kg6 47. Rc2 b5 48. Rc5 Rxa2 49. Rxb5 Rb2 50. Rb7 a5 51. Rb5 Rf2+ 52. Ke3 Rg2 53. Kf3 Rb2 54. Ke3 Rg2 55. Kd3 Rg3+ 56. Kc2 Rxg4 57. Rxa5 f5 58. Ra4 f4 59. Rc4 Rg2+ 60. Kd3 Rg3+ 61. Kc2 Kf5 62. b4 Rg8 63. b5 f3 64. Kd2 Re8 65. Rc7 Kf4 66. b6 Re2+ 67. Kc3 Re8 68. b7 Rb8 69. Kd2 Ke5 70. Ke3 Kd6 71. Rh7 Kc6 72. Kxf3 Rxb7 73. Rxb7 Kxb7 1/2-1/2

[Event "Universiad (Women) 27th"]
[Site "Kazan"]
[Date "2013.07.10"]
[Round "3"]
[White "Vasile, Teodora"]
[Black "Hallaeva, Bahar"]
[Result "0-1"]
[WhiteElo "1938"]
[BlackElo "2150"]
[PlyCount "128"]
[EventDate "2013.07.09"]
[EventType "swiss"]
[EventRounds "9"]
[EventCountry "RUS"]
[SourceTitle "EXT 2014"]
[Source "ChessBase"]
[SourceDate "2013.11.20"]
[SourceVersion "1"]
[SourceVersionDate "2013.11.20"]
[SourceQuality "1"]

1. e4 e5 2. Nf3 Nc6 3. Bb5 Nf6 4. 0-0 Nxe4 5. Re1 Nd6 6. Bxc6 dxc6 7. Nxe5 Be7 8. Qe2 Nf5 9. c3 0-0 10. d4 c5 11. dxc5 Bxc5 12. b4 Bd6 13. Nc4 Qh4 14. Nxd6 Nxd6 15. g3 Qh3 16. Bf4 Bg4 17. Qf1 Qh5 18. Nd2 Rae8 19. f3 Rxe1 20. Rxe1 Be6 21. a4 Qd5 22. Re5 Qa2 23. a5 b6 24. axb6 axb6 25. Re2 Qa7 26. Bxd6 cxd6 27. Qe1 Qc7 28. Ne4 h6 29. Qd2 Rd8 30. Re1 Bc4 31. Qd4 Be6 32. Rd1 d5 33. c4 Rd7 34. cxd5 Rxd5 35. Qa1 Qd8 36. Rxd5 Qxd5 37. Qe1 Qd3 38. Kg2 Bd5 39. g4 Qc2+ 40. Kg3 Qd3 41. Kg2 Qc2+ 42. Kg3 Qc7+ 43. Kg2 Qe7 44. h3 h5 45. Kf1 Qe5 46. Kg2 hxg4 47. hxg4 Qb2+ 48. Kg3 Qe5+ 49. Kg2 Qe6 50. Qe3 Bxe4 51. Qxe4 Qxe4 52. fxe4 f6 53. Kf3 Kf7 54. Ke3 Ke6 55. Kd4 Kd6 56. Kc3 g6 57. Kd4 b5 58. Kd3 Ke5 59. Ke3 g5 60. Kd3 Kf4 61. Kd4 Kxg4 62. Kd5 Kf3 63. Ke6 g4 64. Kxf6 Kxe4 0-1

[Event "Universiad (Women) 27th"]
[Site "Kazan"]
[Date "2013.07.09"]
[Round "1"]
[White "Vasile, Teodora"]
[Black "Kashlinskaya, Alina"]
[Result "0-1"]
[WhiteElo "1938"]
[BlackElo "2334"]
[PlyCount "108"]
[EventDate "2013.07.09"]
[EventType "swiss"]
[EventRounds "9"]
[EventCountry "RUS"]
[SourceTitle "EXT 2014"]
[Source "ChessBase"]
[SourceDate "2013.11.20"]
[SourceVersion "1"]
[SourceVersionDate "2013.11.20"]
[SourceQuality "1"]

1. e4 e5 2. Nf3 Nc6 3. Bb5 a6 4. Ba4 Nf6 5. 0-0 Be7 6. Re1 b5 7. Bb3 d6 8. c3 0-0 9. h3 Nb8 10. d3 Nbd7 11. Nbd2 Bb7 12. Nf1 Nc5 13. Bc2 Re8 14. b4 Ncd7 15. Ng3 Bf8 16. c4 h6 17. a4 bxc4 18. dxc4 a5 19. b5 Nc5 20. Nd2 Nfd7 21. Nb3 g6 22. Be3 Nxb3 23. Bxb3 h5 24. f3 Be7 25. Ne2 Bg5 26. Bf2 Kg7 27. Nc3 f5 28. exf5 gxf5 29. f4 Bxf4 30. Qxh5 Qg5 31. Qxg5+ Bxg5 32. Nd5 Bxd5 33. cxd5 e4 34. Bd4+ Bf6 35. Bxf6+ Kxf6 36. Bc2 Re5 37. g4 Rg8 38. Kh1 fxg4 39. Rxe4 Rxe4 40. Bxe4 gxh3 41. Kh2 Ke5 42. Bh1 Nc5 43. Re1+ Kd4 44. Re7 Rc8 45. Bf3 Rf8 46. Bh1 Rf2+ 47. Kxh3 Ra2 48. Rxc7 Rxa4 49. Ra7 Ra3+ 50. Kg4 a4 51. Rf7 Rb3 52. Rf4+ Kc3 53. Bf3 a3 54. Bd1 Rb4 0-1

[Event "ROM-ch (Women)"]
[Site "Sarata Monteoru"]
[Date "2012.02.15"]
[Round "3"]
[White "Vasile, Teodora"]
[Black "Didiliuc, Dariana Gabriela"]
[Result "1-0"]
[WhiteElo "1985"]
[BlackElo "1508"]
[PlyCount "103"]
[EventDate "2012.02.13"]
[EventType "swiss"]
[EventRounds "9"]
[EventCountry "ROU"]
[SourceTitle "CBM 147 Extra"]
[Source "ChessBase"]
[SourceDate "2012.04.24"]
[SourceVersion "1"]
[SourceVersionDate "2012.04.24"]
[SourceQuality "1"]

1. e4 d6 2. d4 Nf6 3. Nc3 g6 4. f3 Bg7 5. Be3 c6 6. Qd2 b5 7. g4 b4 8. Nce2 a5 9. h4 h5 10. g5 Nfd7 11. f4 Nb6 12. Ng3 d5 13. e5 e6 14. a3 Bf8 15. axb4 axb4 16. Rxa8 Nxa8 17. Be2 Ba6 18. Nf3 Qa5 19. Kf2 Bxe2 20. Nxe2 Nb6 21. b3 N8d7 22. Rc1 Be7 23. Qd1 0-0 24. Ra1 Qb5 25. Ra7 c5 26. dxc5 Bxc5 27. Ned4 Bxd4 28. Nxd4 Qc5 29. Nxe6 Qc6 30. Nxf8 Kxf8 31. Ra2 Nc8 32. Qd4 Qb7 33. Bd2 Qb6 34. Qxb6 Ndxb6 35. Bxb4+ Ke8 36. Ra6 Nd7 37. e6 fxe6 38. Rxe6+ Kf7 39. Rc6 Ne7 40. Bxe7 Kxe7 41. Rxg6 Nc5 42. Rh6 Kf7 43. f5 Ne4+ 44. Ke3 Nc3 45. Kf4 Ne2+ 46. Ke5 d4 47. g6+ Kg7 48. Rh7+ Kg8 49. f6 Nc3 50. f7+ Kf8 51. Rh8+ Ke7 52. f8Q+ 1-0

[Event "ROM-chT"]
[Site "Baile Herculane"]
[Date "2010.09.09"]
[Round "6.46"]
[White "Vasile, Teodora"]
[Black "Georgescu, Tiberiu Marian"]
[Result "0-1"]
[WhiteElo "1982"]
[BlackElo "2414"]
[PlyCount "60"]
[EventDate "2010.09.04"]
[EventType "team-tourn"]
[EventRounds "9"]
[EventCountry "ROU"]
[SourceTitle "EXT 2021"]
[Source "ChessBase"]
[SourceDate "2020.10.23"]
[SourceVersion "1"]
[SourceVersionDate "2020.10.23"]
[SourceQuality "1"]

1. e4 c5 2. Nf3 d6 3. Bb5+ Nd7 4. 0-0 Ngf6 5. Re1 a6 6. Bxd7+ Nxd7 7. d4 e6 8. c4 Be7 9. d5 e5 10. Be3 0-0 11. Qc2 g6 12. Nfd2 f5 13. exf5 gxf5 14. f4 e4 15. g4 Bh4 16. Re2 fxg4 17. Nxe4 Nf6 18. Ng5 Bxg5 19. fxg5 Nd7 20. g6 Ne5 21. gxh7+ Kh8 22. Nd2 Bf5 23. Qc3 Bd3 24. Rf2 Rxf2 25. Bxf2 Qg5 26. Kg2 Rf8 27. Rd1 Rf3 28. Bg3 Be2 29. Bxe5+ dxe5 30. Qc2 Bxd1 0-1

[Event "ROM-ch U20 Girls"]
[Site "Voineasa"]
[Date "2010.04.11"]
[Round "6"]
[White "Vasile, Teodora"]
[Black "Berintan, Teodora"]
[Result "1-0"]
[WhiteElo "2026"]
[BlackElo "1848"]
[PlyCount "81"]
[EventDate "2010.04.08"]
[EventType "tourn"]
[EventRounds "9"]
[EventCountry "ROU"]
[SourceTitle "EXT 2020"]
[Source "ChessBase"]
[SourceDate "2019.10.17"]
[SourceVersion "1"]
[SourceVersionDate "2019.10.17"]
[SourceQuality "1"]

1. e4 c5 2. Nf3 d6 3. Bb5+ Bd7 4. Bxd7+ Nxd7 5. 0-0 Ngf6 6. Nc3 e6 7. d4 cxd4 8. Qxd4 a6 9. Bg5 Be7 10. Rad1 0-0 11. Rfe1 Qc7 12. Bh4 Rfd8 13. Bg3 Nb6 14. Na4 Nxa4 15. Qxa4 Nh5 16. Qb3 Nxg3 17. hxg3 Rac8 18. c3 Rd7 19. Rd2 Qc6 20. Kh2 Rcd8 21. Qc2 Qc5 22. Red1 Qh5+ 23. Kg1 Qc5 24. Qb3 Rc7 25. Qa4 Qc4 26. Qc2 Qxa2 27. e5 d5 28. Rd4 Rc4 29. Nd2 Rxd4 30. cxd4 Qa5 31. Nb3 Qb6 32. Rd3 Bb4 33. g4 Qb5 34. Rh3 g6 35. Qc1 Bf8 36. Qg5 Rc8 37. Qh4 Bg7 38. Qxh7+ Kf8 39. Nc5 Qc6 40. Rc3 Ra8 41. Ne4 1-0

[Event "ROM-ch U20 Girls"]
[Site "Voineasa"]
[Date "2010.04.09"]
[Round "3"]
[White "Vasile, Teodora"]
[Black "Dobre, Ana Margareta Alexa"]
[Result "1-0"]
[WhiteElo "2026"]
[BlackElo "1848"]
[PlyCount "101"]
[EventDate "2010.04.08"]
[EventType "tourn"]
[EventRounds "9"]
[EventCountry "ROU"]
[SourceTitle "EXT 2020"]
[Source "ChessBase"]
[SourceDate "2019.10.17"]
[SourceVersion "1"]
[SourceVersionDate "2019.10.17"]
[SourceQuality "1"]

1. e4 d5 2. exd5 Qxd5 3. Nc3 Qd8 4. d4 Nf6 5. Bc4 Bg4 6. f3 Bf5 7. Nge2 e6 8. g4 Nxg4 9. fxg4 Qh4+ 10. Ng3 Bxg4 11. Be2 h5 12. Nce4 Be7 13. Qd3 Nd7 14. Bd2 f5 15. Nf2 0-0-0 16. 0-0-0 Nc5 17. Qc4 Bxe2 18. Qxe2 Qxd4 19. Bc3 Qf4+ 20. Kb1 Qh6 21. Nxf5 exf5 22. Qxe7 Ne6 23. Qa3 Qe3 24. Nd3 Rd6 25. Rde1 Qb6 26. Rhf1 Rd5 27. Qb3 Qxb3 28. axb3 Re8 29. Rg1 Kd7 30. Bxg7 f4 31. Rxe6 Rxe6 32. Nxf4 Rd2 33. Nxe6 Kxe6 34. Re1+ Kf7 35. Be5 c6 36. Kc1 Rd5 37. Bg3 Rd7 38. Re5 Kg6 39. h4 Rd4 40. Be1 Rd7 41. Rg5+ Kf6 42. Rxh5 Kg6 43. Rg5+ Kh6 44. Bd2 Kh7 45. h5 Rf7 46. Rg1 b5 47. h6 c5 48. Rg7+ Rxg7 49. hxg7 Kxg7 50. Be3 c4 51. bxc4 1-0

[Event "ROM-ch (Women)"]
[Site "Eforie Nord"]
[Date "2009.02.08"]
[Round "9"]
[White "Vasile, Teodora"]
[Black "Sandu, Mihaela"]
[Result "1-0"]
[WhiteElo "1963"]
[BlackElo "2285"]
[PlyCount "79"]
[EventDate "2009.01.31"]
[EventType "swiss"]
[EventRounds "9"]
[EventCountry "ROU"]
[SourceTitle "CBM 128 Extra"]
[Source "ChessBase"]
[SourceDate "2009.03.05"]
[SourceVersion "2"]
[SourceVersionDate "2009.03.25"]
[SourceQuality "1"]

1. e4 c5 2. Nf3 e6 3. d4 cxd4 4. Nxd4 a6 5. Nc3 b5 6. a3 Bb7 7. Bd3 Qc7 8. 0-0 Nf6 9. Qe2 d6 10. f4 Nc6 11. Nf3 Be7 12. Bd2 0-0 13. e5 Nd7 14. exd6 Qxd6 15. Ne4 Nd4 16. Nxd4 Qxd4+ 17. Be3 Qd5 18. Rad1 Qc6 19. Rf3 Nf6 20. Nxf6+ Bxf6 21. c3 Rfd8 22. Rg3 a5 23. Qg4 g6 24. h4 Rd5 25. Rd2 Qd6 26. Qe2 Rd8 27. Bf2 Bxh4 28. Rh3 Bxf2+ 29. Qxf2 Qc5 30. Qxc5 Rxc5 31. Kf2 h5 32. Re3 Kg7 33. g3 Rcd5 34. Ke2 Kf6 35. Rd1 Ba6 36. Rd2 R8d6 37. Rd1 g5 38. fxg5+ Kxg5 39. Rf1 f5 40. Rf4 1-0

[Event "ROM-ch (Women)"]
[Site "Eforie Nord"]
[Date "2009.02.06"]
[Round "6"]
[White "Vasile, Teodora"]
[Black "Marin, Irina Luiza"]
[Result "1/2-1/2"]
[WhiteElo "1963"]
[BlackElo "2261"]
[PlyCount "117"]
[EventDate "2009.01.31"]
[EventType "swiss"]
[EventRounds "9"]
[EventCountry "ROU"]
[SourceTitle "CBM 128 Extra"]
[Source "ChessBase"]
[SourceDate "2009.03.05"]
[SourceVersion "2"]
[SourceVersionDate "2009.03.25"]
[SourceQuality "1"]

1. e4 d6 2. d4 Nf6 3. Nc3 g6 4. Nf3 Bg7 5. Be2 0-0 6. 0-0 Bg4 7. h3 Bxf3 8. Bxf3 e5 9. dxe5 dxe5 10. Bg5 c6 11. Qxd8 Rxd8 12. Rad1 Na6 13. Rxd8+ Rxd8 14. Rd1 Rd4 15. a3 Nc5 16. Bxf6 Bxf6 17. Kf1 Kf8 18. Ke1 Ke7 19. Ne2 Rd6 20. Rxd6 Kxd6 21. Nc3 b5 22. Kd1 Ne6 23. g3 Kc5 24. Ne2 a5 25. Bg4 Ng5 26. Nc3 h5 27. Bc8 b4 28. axb4+ axb4 29. h4 bxc3 30. b4+ Kd6 31. hxg5 Bxg5 32. Ke2 Kc7 33. Bh3 Be7 34. Kd3 Bxb4 35. f3 Kd6 36. Bc8 Bc5 37. Ke2 Bd4 38. Bh3 Ke7 39. Bc8 Kf6 40. Kf1 Kg5 41. Kg2 f5 42. Bd7 c5 43. Be8 Be3 44. Bf7 Bd2 45. Be8 Be1 46. Bf7 c4 47. Be8 f4 48. gxf4+ Kxf4 49. Bxg6 h4 50. Be8 Ke3 51. Bc6 Bg3 52. Bd7 Bf4 53. Be8 Ke2 54. Bd7 h3+ 55. Kxh3 Kxf3 56. Bc6 Bg3 57. Bd5 Bf2 58. Bc6 Be1 59. Kh2 1/2-1/2

[Event "ROM-ch (Women)"]
[Site "Eforie Nord"]
[Date "2009.02.04"]
[Round "5"]
[White "Baciu, Anca Otilia"]
[Black "Vasile, Teodora"]
[Result "1-0"]
[WhiteElo "2165"]
[BlackElo "1963"]
[PlyCount "55"]
[EventDate "2009.01.31"]
[EventType "swiss"]
[EventRounds "9"]
[EventCountry "ROU"]
[SourceTitle "CBM 128 Extra"]
[Source "ChessBase"]
[SourceDate "2009.03.05"]
[SourceVersion "2"]
[SourceVersionDate "2009.03.25"]
[SourceQuality "1"]

1. e4 e5 2. Nf3 d6 3. d4 Nf6 4. Nc3 Nbd7 5. dxe5 dxe5 6. Bc4 Be7 7. 0-0 0-0 8. Qe2 c6 9. a4 a5 10. h3 Qc7 11. Bg5 Nc5 12. Bh4 Be6 13. Rfd1 h6 14. Bg3 Nfd7 15. Nd4 Bxc4 16. Qxc4 Qb6 17. Nf5 Bf6 18. Rd6 Qb4 19. Qe2 Qxb2 20. Qe1 Qb6 21. Nd5 Qa7 22. Nxf6+ Nxf6 23. Rxf6 Ne6 24. Nxh6+ Kh7 25. Rxf7 Kxh6 26. Qd2+ Kh7 27. Rxf8 Rxf8 28. Bxe5 1-0